Miasta województwa Podkarpackiego według opisu - Statystyki

Ogólne statystyki
  • Ten quiz został rozwiązany 48 razy
  • Średni wynik to 6 z 9
Statystyki odpowiedzi
Opis Miasto % Poprawnych
Siedziba powiatu bieszczadzkiego. Ustrzyki Dolne
85%
Miasto i imię męskie. Jarosław
83%
Ma identyczną nazwę jak miasto w Zachodnich Czechach - stolica kraju pilzneńskiego Pilzno
79%
Znajduje tam się Zamek Lubomirskich i Potockich Łańcut
74%
Ośrodek wikliniarstwa w Polsce [powiat niżański] Nazwa odnosi się do rzeki San Rudnik nad Sanem
66%
Miasto będące ośrodkiem uzdrowiskowym i sanatoryjnym. Znajduje się tam pijalnia wód Iwonicz-Zdrój
60%
Największe miasto w Polsce bez dostępu do sieci dróg krajowych. Znajduje tam się lotnisko. Mielec
57%
Królewskie wolne miasto _____ Sanok
45%
Miasto te ma na herbie ściętą głowę Św. Jana Chrzciciela na złotej misie Brzozów
28%
Nie znaleziono quizów pasujących do podanych kryteriów
Rozkład punktacji
Procent ludzi z każdym wynikiem
Percentyl według liczby udzielonych odpowiedzi
Twoja historia wyników
Nie rozwiązałeś tego quizu